Test bank for use with Miller/VanHoose modern money and banking

Αποθηκεύτηκε σε:
Λεπτομέρειες βιβλιογραφικής εγγραφής
Κύριος συγγραφέας: Grim, Charles L.
Μορφή: Βιβλίο
Γλώσσα:English
Δημοσίευση: United States of America : McGraw-Hill Inc.,
Έκδοση:3rd ed.
Θέματα:
Ετικέτες: Προσθήκη ετικέτας
Δεν υπάρχουν, Καταχωρήστε ετικέτα πρώτοι!

MARC

LEADER 00000nam a2200000 i 4500
001 1/64765
008 980817s1993 eng d
020 |a 0070423377 
035 |l 10029491 
040 |a GR-MY-UA  |b gre  |e aacr 
041 0 |a eng 
082 0 |a 332.1 
100 1 |a Grim, Charles L. 
245 1 0 |a Test bank for use with Miller/VanHoose modern money and banking /  |c Charles L. Grim III 
250 |a 3rd ed. 
260 |a United States of America :   |b McGraw-Hill Inc.,  
300 |a v, 211 σ. 
650 0 0 |a Money. 
650 0 0 |a Banks and banking. 
650 0 0 |a Finance. 
852 |a INST  |b CHIOS  |e 19980817  |h 332.1 GRI  |p 005200015970  |q 005200015970  |t BK  |y 0 
901 |a BIBL-1998-2 
909 |a Χ  |b 058324 
922 |a 2ΕΛΗ  |b 199807  |c ΤΔΕ  |d ΠΑΠΑΣΩΤΗΡΙΟΥ